000
00277nam a22001337a 4500
008
170421b xxu||||| |||| 00| 0 eng d
020
_a
9780815316213
041
_a
eng
080
_a
573
100
_a
11
101
_a
SHM
245
_a
THE CELL
_c
WILSON. J
942
_2
udc
_c
BK
999
_c
11439
_d
11439